LEADER 01156nam--2200361---450 001 990000391610203316 005 20200610070714.0 010 $a8878120057 035 $a0039161 035 $aUSA010039161 035 $a(ALEPH)000039161USA01 035 $a0039161 100 $a20010405d1987----km-y0itay0103----ba 101 $aita 102 $aIT 105 $a||||||||001yy 200 1 $a<> futuro delle biblioteche$eatti del XXXIII Congresso nazionale dell'Associazione italiana biblioteche$eSirmione,8-11 maggio 1986$fa cura di Giuseppe Origgi e Gianni Stefanini 210 $aRoma$cAssociazione italiana biblioteche$d1987 215 $a360 p.$d21 cm 410 $12001 606 0 $aBiblioteche$xAutomazione$xCongressi$z1986 676 $a025.00285 702 1$aORIGGI,$bGiuseppe 702 1$aSTEFANINI,$bGianni 710 02$aAssociazione italiana biblioteche$0104838 801 0$aIT$bsalbc$gISBD 912 $a990000391610203316 951 $aI.2.B. 55 (XIII B 53)$b95904 LM$cXIII B 951 $a025 ASS$b0011558 CBS$c025$d00106991 959 $aBK 969 $aSCI 996 $aFuturo delle biblioteche$9154266 997 $aUNISA LEADER 02055oam 2200553 450 001 9910716077503321 005 20210505104627.0 035 $a(CKB)5470000002517327 035 $a(OCoLC)1204323479 035 $a(EXLCZ)995470000002517327 100 $a19941202d1993 ua 0 101 0 $aeng 135 $aurbn||||||||| 181 $ctxt$2rdacontent 182 $cc$2rdamedia 183 $acr$2rdacarrier 200 10$aDegrees in science and mathematics $enational trends and state-by-state data /$fIrene Harwarth 210 1$a[Washington, D.C.] :$cU.S. Department of Education, Office of Educational Research and Improvement,$d1993. 215 $a1 online resource (xv, 123 pages $cillustrations) 300 $a"National Center for Education Statistics"--Cover. 300 $a"NCES 93-183"--Cover. 300 $a"November 1993"--Title page verso. 320 $aIncludes bibliographical references. 517 $aDegrees in science and mathematics 606 $aDegrees, Academic$zUnited States$vStatistics 606 $aScience$xStudy and teaching (Higher)$zUnited States$vStatistics 606 $aMathematics$xStudy and teaching (Higher)$zUnited States$vStatistics 606 $aDegrees, Academic$2fast 606 $aMathematics$xStudy and teaching (Higher)$2fast 606 $aScience$xStudy and teaching (Higher)$2fast 607 $aUnited States$2fast 608 $aStatistics.$2fast 608 $aStatistics.$2lcgft 615 0$aDegrees, Academic 615 0$aScience$xStudy and teaching (Higher) 615 0$aMathematics$xStudy and teaching (Higher) 615 7$aDegrees, Academic. 615 7$aMathematics$xStudy and teaching (Higher) 615 7$aScience$xStudy and teaching (Higher) 700 $aHarwarth$b Irene$01417017 712 02$aNational Center for Education Statistics, 801 0$bINARC 801 1$bINARC 801 2$bOCLCO 801 2$bGPO 906 $aBOOK 912 $a9910716077503321 996 $aDegrees in science and mathematics$93524083 997 $aUNINA